| 000 | 00378nam a2200097Ia 4500 | ||
|---|---|---|---|
| 008 | 180130s9999 xx 000 0 und d | ||
| 245 |
_cBusuttil, Angela; Moulton-Perkins, Alesia; Tuite, Monika _aWorking with people with physical health problems |
||
| 260 | _c2015 | ||
| 300 | _aBook title: Clinical psychology--Acession number C20490; pages 216-235 | ||
| 650 | _aCLINICAL PSYCHOLOGY | ||
| 999 |
_c353952 _d353952 |
||